| 000 | 00800nam a2200277 i 4500 | ||
|---|---|---|---|
| 001 | bg | ||
| 100 | 1 | _aMajcher, Marta. | |
| 245 | 0 |
_aJak inwestować w Unii Europejskiej / _cMarta Majcher, Piotr Maziarek. |
|
| 260 |
_aWarszawa : _bKomisja Papierów Wartościowych i Giełd, _c2005. |
||
| 300 |
_a36 s. : _bil. kolor ; _c21 cm. |
||
| 490 | 1 | _aPoradnik Inwestora | |
| 521 | 8 | _aDo celów edukacyjnych. | |
| 650 | 9 |
_aPapiery wartościowe _xinwestycje _zkraje Unii Europejskiej |
|
| 655 | _aPoradniki | ||
| 700 | 1 | _aMaziarek, Piotr. | |
| 830 | _aPoradnik Inwestora | ||
| 020 | _a8386897066 | ||
| 040 | _cBPK | ||
| 041 | 0 | _apol | |
| 044 | _aPOL | ||
| 080 | _a336.764/.768(4-67) | ||
| 920 | _a83-86897-06-6 | ||
| 942 | _cKS | ||
| 008 | s pl f |000 0 pol | ||
| 999 |
_c49580 _d49580 |
||
| 856 |
_uhttp://koha.tu.koszalin.pl/cgi-bin/koha/opac-detail.pl?biblionumber=49580 _yKatalog online BPK |
||